000 00408nam a2200133Ia 4500
008 151001s9999||||xx |||||||||||||| ||und||
100 _aमन्नू भंडारी
245 _aएक कहाणी अशीही
250 _a1
260 _b"मॅजेस्टीक पब्लिशिंग हाऊस, ठाणे "
260 _c२०१३
300 _a219
365 _b21
999 _c1002157
_d1002154